[Event "29th Czech Open A 2018"]
[Site "Pardubice CZE"]
[Date "2018.07.24"]
[Round "5.18"]
[White "Fenil, Shah"]
[Black "Jarmula, Lukasz"]
[Result "0-1"]
[WhiteTitle "IM"]
[BlackTitle "IM"]
[WhiteElo "2411"]
[BlackElo "2512"]
[WhiteFideId "5019850"]
[BlackFideId "1160664"]
[EventDate "2018.07.20"]

1. e4 e6 2. d4 d5 3. Nd2 c5 4. exd5 Qxd5 5. dxc5 Bxc5 6. Ngf3 Nf6 7. Bc4 Qc6 8.
Qe2 O-O 9. O-O a6 10. Bd3 Nbd7 11. Ne4 Nxe4 12. Bxe4 Qc7 13. Bg5 f5 14. Bd3 e5
15. Bc4+ Kh8 16. Bd2 e4 17. Ng5 Nf6 18. g3 h6 19. Nh3 b5 20. Bb3 g5 21. Bc3 Qg7
22. Bd5 Ra7 23. b4 Bb6 24. Kh1 Re7 25. a4 Rd8 26. Rfd1 f4 27. Ng1 e3 28. f3 bxa4
29. Bb2 fxg3 30. hxg3 Bc7 31. Be4 Rde8 32. Qxe3 Bxg3 33. Qb6 Re6 34. Qc5 Be5 35.
Bxe5 Rxe5 36. Qd4 Nxe4 37. fxe4 Bb7 38. Kh2 Bxe4 39. Rd2 g4 40. Kg3 Bxc2 0-1

[Event "29th Czech Open A 2018"]
[Site "Pardubice CZE"]
[Date "2018.07.24"]
[Round "5.19"]
[White "Kobo, Ori"]
[Black "Plischki, Sebastian"]
[Result "1-0"]
[WhiteTitle "GM"]
[BlackTitle "IM"]
[WhiteElo "2508"]
[BlackElo "2413"]
[WhiteFideId "2812320"]
[BlackFideId "4637143"]
[EventDate "2018.07.20"]

1. Nf3 Nf6 2. c4 c5 3. Nc3 e6 4. g3 b6 5. Bg2 Bb7 6. O-O a6 7. Re1 Be7 8. e4 d6
9. d4 cxd4 10. Nxd4 Qc7 11. Be3 O-O 12. Rc1 Nbd7 13. f4 Rac8 14. g4 Nc5 15. Bf2
g6 16. f5 gxf5 17. exf5 Bxg2 18. Kxg2 Qb7+ 19. Kg1 e5 20. g5 Nfe4 21. Nxe4 Nxe4
22. f6 exd4 23. fxe7 Rfe8 24. Bxd4 Rxe7 25. Qf3 Re6 26. h4 Rce8 27. Re3 d5 28.
b3 dxc4 29. bxc4 b5 30. cxb5 axb5 31. Qf4 Qd5 32. Ba1 h6 33. Rf1 R8e7 34. Qb8+
Re8 35. Qf4 R8e7 36. Qb8+ Re8 37. Qa7 R8e7 38. Qa3 hxg5 39. Rd3 b4 40. Rxd5 bxa3
41. hxg5 Ng3 42. Rd8+ Kh7 43. g6+ 1-0

[Event "29th Czech Open A 2018"]
[Site "Pardubice CZE"]
[Date "2018.07.24"]
[Round "5.20"]
[White "Christiansen, Johan-Sebastian"]
[Black "Yankelevich, Lev"]
[Result "1-0"]
[WhiteTitle "IM"]
[BlackTitle "IM"]
[WhiteElo "2506"]
[BlackElo "2411"]
[WhiteFideId "1512668"]
[BlackFideId "24684074"]
[EventDate "2018.07.20"]

1. e4 e5 2. Nf3 Nc6 3. Bc4 Nf6 4. Ng5 d5 5. exd5 Na5 6. Bb5+ c6 7. dxc6 bxc6 8.
Bd3 Nd5 9. h4 Nf6 10. Nc3 Be7 11. O-O h6 12. Nf3 Bg4 13. Re1 O-O 14. Be2 e4 15.
Nh2 Bf5 16. d3 Bd6 17. Nf1 c5 18. g3 Nc6 19. dxe4 Nxe4 20. Nxe4 Bxe4 21. Bb5 Nd4
22. Rxe4 Nxb5 23. c3 Qd7 24. a4 Nc7 25. Bf4 Rfd8 26. Bxd6 Qc6 27. Qc2 Rxd6 28.
Ne3 Qd7 29. Re1 Rd8 30. Nc4 Re6 31. Re5 Rxe5 32. Nxe5 Qe6 33. Nf3 Qf6 34. Kg2
Qd6 35. Re2 Rb8 36. Qe4 Re8 37. Qc4 Ne6 38. Kh2 Qd1 39. Ne5 Qf1 40. Rd2 Qe1 41.
Nf3 Qc1 42. Qb5 Re7 43. Kg2 Qb1 44. Rd7 Rxd7 45. Qxd7 Qf5 46. Qb7 g5 47. hxg5
hxg5 48. b4 g4 49. Nh4 Qe5 50. bxc5 Qxc5 51. Qa8+ Kg7 52. Qe4 Qxc3 53. Qxg4+ Kf6
54. Nf3 a5 55. Qh4+ Kg7 56. Qe4 Kf6 57. Qh4+ Kg7 58. Qh5 Kf6 59. Qh8+ Ng7 60.
Qd8+ Kg6 61. Qg5+ Kh7 62. Qe7 f6 63. Qe4+ Kg8 64. Qd5+ Kh7 65. Qd6 Kg8 66. Nd2
Nf5 67. Qd5+ Kg7 68. Nc4 Qc2 69. Qd7+ Kg6 70. Qe8+ Kg7 71. Qd7+ Kh6 72. Qe6 Kg7
73. Nxa5 Qd3 74. Nc4 Nd4 75. Qg4+ Kf8 76. Ne3 Qd2 77. Qc8+ Kf7 78. Qd7+ Kg6 79.
Nf5 Nb3 80. Nh4+ Kh6 81. Qf7 Qd5+ 82. Qxd5 1-0

[Event "29th Czech Open A 2018"]
[Site "Pardubice CZE"]
[Date "2018.07.24"]
[Round "5.21"]
[White "Gallego Alcaraz, Andres Felipe"]
[Black "Sadhwani, Raunak"]
[Result "1/2-1/2"]
[WhiteTitle "IM"]
[BlackTitle "FM"]
[WhiteElo "2504"]
[BlackElo "2409"]
[WhiteFideId "4402669"]
[BlackFideId "35093487"]
[EventDate "2018.07.20"]

1. d4 Nf6 2. c4 e6 3. Nf3 d5 4. g3 Be7 5. Bg2 O-O 6. O-O dxc4 7. Qc2 b6 8. Qxc4
Bb7 9. Rd1 Qc8 10. Bg5 c5 11. Nc3 Nbd7 12. Rac1 h6 13. Bxf6 Nxf6 14. dxc5 Bxc5
15. Qf4 Qb8 16. Qxb8 Raxb8 17. Ne5 Bxg2 18. Kxg2 Rfc8 19. Nb5 a6 20. Na7 Rd8 21.
Nd3 Rd7 22. Nc6 Rc8 23. Nce5 Rdc7 24. Nxc5 Rxc5 25. Rxc5 Rxc5 26. Rd8+ Kh7 27.
f4 Rc2 28. Kf3 Rxb2 29. Nxf7 Kg6 30. Ne5+ Kh7 31. Rd6 Rxa2 32. Rxb6 Ra3+ 33. Kg2
a5 34. Nd3 Ra1 35. Rxe6 a4 36. Ra6 a3 37. f5 Ng4 38. e4 a2 39. Nb4 Re1 40. Nxa2
Rxe4 41. h3 Nf6 42. Nc3 Re3 43. Nd1 Re5 44. g4 Nd5 45. Rd6 Ne3+ 46. Kf3 Nxd1 47.
Rxd1 Ra5 48. Ke4 Kg8 49. h4 Kf7 50. Rd7+ Kf6 51. Rd6+ Ke7 52. Re6+ Kf7 53. Kf4
Ra1 54. g5 hxg5+ 55. hxg5 Rf1+ 56. Ke5 Rd1 57. Rb6 Re1+ 58. Kd5 Rd1+ 59. Kc6 Rf1
60. Rb5 Rc1+ 61. Kd5 Rd1+ 62. Kc6 Rc1+ 63. Kd6 Rd1+ 64. Rd5 Rg1 1/2-1/2

[Event "29th Czech Open A 2018"]
[Site "Pardubice CZE"]
[Date "2018.07.24"]
[Round "5.22"]
[White "Potapov, Alexander1"]
[Black "Kislinsky, Alexey"]
[Result "1-0"]
[WhiteTitle "GM"]
[BlackTitle "GM"]
[WhiteElo "2404"]
[BlackElo "2502"]
[WhiteFideId "4115074"]
[BlackFideId "14108801"]
[EventDate "2018.07.20"]

1. Nf3 g6 2. d4 Bg7 3. c4 c5 4. d5 d6 5. e4 Nf6 6. Nc3 O-O 7. h3 e6 8. Bd3 Na6
9. a3 exd5 10. exd5 Re8+ 11. Be3 Nc7 12. a4 Na6 13. O-O Nb4 14. Bb1 Rxe3 15.
fxe3 Qe7 16. Qd2 Nd7 17. Ra3 Ne5 18. Nxe5 Bxe5 19. Ne2 Bd7 20. Nf4 Re8 21. a5
Qg5 22. Qf2 Re7 23. Kh1 Qh6 24. Nd3 Nxd3 25. Bxd3 Qg5 26. Rb3 Bc8 27. Bc2 Kg7
28. e4 f6 29. g4 h5 30. gxh5 Qxh5 31. Bd1 Qh6 32. Qg2 Bd7 33. Bg4 Bxg4 34. Qxg4
Qd2 35. Qg2 Qxa5 36. Rg1 g5 37. h4 Bf4 38. hxg5 Bxg5 39. e5 dxe5 40. d6 Rf7 41.
Rxb7 Qd8 42. Rxf7+ Kxf7 43. Qd5+ Kf8 44. d7 Kg7 45. Kg2 e4 46. Rh1 Qb8 47. d8=Q
Qxb2+ 48. Kf1 Qc1+ 49. Qd1 1-0

[Event "29th Czech Open A 2018"]
[Site "Pardubice CZE"]
[Date "2018.07.24"]
[Round "5.24"]
[White "Simacek, Pavel"]
[Black "Chekletsov, Ilya"]
[Result "1-0"]
[WhiteTitle "GM"]
[BlackTitle "IM"]
[WhiteElo "2490"]
[BlackElo "2395"]
[WhiteFideId "307165"]
[BlackFideId "24177156"]
[EventDate "2018.07.20"]

1. e4 c5 2. Nf3 d6 3. Bd3 Nf6 4. O-O Nc6 5. Re1 Bg4 6. Bb5 e5 7. h3 Bh5 8. Bxc6+
bxc6 9. d3 Be7 10. Nbd2 Nd7 11. Nc4 f6 12. Ne3 Bf7 13. c3 d5 14. Qa4 Qb6 15. Nf5
Bf8 16. d4 cxd4 17. cxd4 dxe4 18. dxe5 Nc5 19. Qc2 fxe5 20. Nxe5 Be6 21. Nc4 Qc7
22. Rxe4 Nxe4 23. Qxe4 Qd7 24. Nd4 O-O-O 25. Qxe6 Qxe6 26. Nxe6 Rd1+ 27. Kh2 Be7
28. Ne3 Re1 29. g3 Bb4 30. Nd4 Rf8 31. Kg2 Bc5 32. Ne6 Bxe3 33. Bxe3 Rxa1 34.
Nxf8 Rxa2 35. Bd4 c5 36. Bxg7 h6 37. h4 c4 38. g4 Ra6 39. h5 Kd8 40. g5 Ke7 41.
gxh6 Kf7 42. Ng6 Kg8 43. Kg3 Ra5 44. Kg4 Rb5 45. Nf8 Rb8 46. Kf5 Rb6 47. Ne6 a5
48. Bd4 Rd6 49. Be5 Rb6 50. Bd4 Rd6 51. Bf6 a4 52. Kg6 Rd7 53. Bg7 1-0

[Event "29th Czech Open A 2018"]
[Site "Pardubice CZE"]
[Date "2018.07.24"]
[Round "5.25"]
[White "Grekh, Andrey"]
[Black "Belyakov, Bogdan"]
[Result "0-1"]
[WhiteTitle "IM"]
[BlackTitle "IM"]
[WhiteElo "2400"]
[BlackElo "2489"]
[WhiteFideId "14112418"]
[BlackFideId "24104795"]
[EventDate "2018.07.20"]

1. Nf3 Nf6 2. g3 g6 3. Bg2 Bg7 4. d4 O-O 5. c4 d6 6. O-O Nc6 7. Nc3 a6 8. Qd3 e5
9. d5 Nb4 10. Qd1 a5 11. e4 Na6 12. b3 Nc5 13. Qc2 Bd7 14. Bg5 Qe8 15. Ne1 Nh5
16. Nd3 b6 17. Rae1 Qc8 18. f3 f5 19. Nxc5 bxc5 20. exf5 gxf5 21. f4 h6 22. Bh4
e4 23. g4 fxg4 24. Nxe4 Bf5 25. Qd2 a4 26. b4 cxb4 27. Qxb4 Qa6 28. c5 Rab8 29.
Qa3 Qc4 30. Rc1 Qb4 31. Qxb4 Rxb4 32. cxd6 Rxe4 33. Bxe4 Bxe4 34. dxc7 Bd4+ 35.
Rf2 Bf5 36. Rc4 Bxf2+ 37. Bxf2 Bd7 38. Be3 Nf6 39. d6 Nd5 40. Re4 Nf6 41. Rc4
Kf7 42. Rc5 Re8 43. Bd4 Ne4 44. Rd5 Kg6 45. Bf2 Nc3 46. f5+ Kg5 47. Rd2 Kxf5 48.
Bh4 Ne4 49. Rd1 Ng5 50. Kf2 Ne4+ 51. Kg1 Ke6 52. Be7 h5 53. Rd4 Ke5 54. Rd1 Rh8
55. Rf1 h4 56. Rf7 Ke6 0-1

[Event "29th Czech Open A 2018"]
[Site "Pardubice CZE"]
[Date "2018.07.24"]
[Round "5.26"]
[White "Rahul, Srivatshav P"]
[Black "Caspi, Israel"]
[Result "0-1"]
[WhiteTitle "IM"]
[BlackTitle "IM"]
[WhiteElo "2397"]
[BlackElo "2484"]
[WhiteFideId "25059653"]
[BlackFideId "2807394"]
[EventDate "2018.07.20"]

1. d4 d6 2. c4 f5 3. Nc3 Nf6 4. Bg5 Nbd7 5. Qc2 g6 6. Nh3 e5 7. dxe5 Nxe5 8.
O-O-O Bg7 9. c5 O-O 10. Qb3+ Kh8 11. e3 h6 12. Bxf6 Qxf6 13. cxd6 Be6 14. Nd5
Bxd5 15. Rxd5 cxd6 16. Nf4 Rac8+ 17. Kb1 Rc6 18. Be2 Rfc8 19. Rhd1 Nd7 20. R5d4
Nc5 21. Qa3 Ne4 22. Nd3 Rc2 23. Bf3 Nd2+ 24. Ka1 Qe7 25. Qb4 Nxf3 26. gxf3 Bxd4
27. Qxd4+ Qe5 28. Qb4 Qd5 29. a3 R8c4 30. Qb3 Qxf3 31. Rg1 g5 32. Qb5 Qe4 33.
Qd7 Rc8 34. Qf7 Qxd3 35. Qf6+ Kg8 36. Qg6+ Kf8 37. Qxh6+ Ke8 38. Qe6+ Kd8 39.
Qf6+ Kc7 0-1

[Event "29th Czech Open A 2018"]
[Site "Pardubice CZE"]
[Date "2018.07.24"]
[Round "5.27"]
[White "Piscopo, Pierluigi"]
[Black "Gasanov, Eldar"]
[Result "1/2-1/2"]
[WhiteTitle "IM"]
[BlackTitle "GM"]
[WhiteElo "2389"]
[BlackElo "2475"]
[WhiteFideId "809152"]
[BlackFideId "14104466"]
[EventDate "2018.07.20"]

1. e4 g6 2. Nc3 Bg7 3. f4 c5 4. Nf3 Nc6 5. Bb5 d6 6. Bxc6+ bxc6 7. d3 Nh6 8. Bd2
Rb8 9. b3 O-O 10. Qe2 f6 11. h3 e5 12. fxe5 fxe5 13. O-O Nf7 14. Rf2 Qe7 15.
Raf1 Nd8 16. Nh2 Rxf2 17. Qxf2 Ne6 18. Ne2 Bd7 19. Ng4 Rf8 20. Qg3 Rxf1+ 21.
Kxf1 h5 22. Nh2 Kh7 23. Nf3 Bf6 24. h4 Nd4 25. Nexd4 cxd4 26. Bg5 Bg4 27. Ke1
Bxf3 28. Qxf3 Bxg5 29. hxg5 Kg7 30. Qg3 Kf7 31. Kd2 Ke8 32. Kc1 Kd8 33. Kb2 Kc7
34. a4 Kb6 35. Qf2 Kc7 36. Qd2 Kc8 37. Qa5 Kb7 1/2-1/2

[Event "29th Czech Open A 2018"]
[Site "Pardubice CZE"]
[Date "2018.07.24"]
[Round "5.28"]
[White "Neverov, Valeriy"]
[Black "Sarkar, Justin"]
[Result "1-0"]
[WhiteTitle "GM"]
[BlackTitle "IM"]
[WhiteElo "2473"]
[BlackElo "2307"]
[WhiteFideId "14100150"]
[BlackFideId "2010011"]
[EventDate "2018.07.20"]

1. d4 Nf6 2. Nf3 g6 3. c4 Bg7 4. g3 d5 5. Bg2 O-O 6. O-O dxc4 7. Na3 c3 8. bxc3
c5 9. Ne5 Nc6 10. Nac4 Be6 11. Nxc6 bxc6 12. Ne5 Nd5 13. Bb2 Bxe5 14. dxe5 Qb8
15. Qc1 Nb6 16. f4 Nc4 17. Rb1 Qc7 18. e4 Rad8 19. Rf2 f5 20. exf6 exf6 21. f5
gxf5 22. exf5 Bd5 23. Bf1 Rfe8 24. Rf4 Qf7 25. Ba3 Ne3 26. Bxc5 Nxf1 27. Qxf1
Bxa2 28. Ra1 Rd2 29. Rf2 Bc4 30. Qh3 Rxf2 31. Qg4+ Kh8 32. Bxf2 Bd5 33. c4 Bxc4
34. Bd4 c5 35. Rxa7 Re1+ 36. Kg2 Qd5+ 37. Kh3 1-0

[Event "29th Czech Open A 2018"]
[Site "Pardubice CZE"]
[Date "2018.07.24"]
[Round "5.29"]
[White "Koykka, Pekka"]
[Black "Henderson de La Fuente, Lance"]
[Result "1/2-1/2"]
[WhiteTitle "FM"]
[BlackTitle "IM"]
[WhiteElo "2382"]
[BlackElo "2463"]
[WhiteFideId "504319"]
[BlackFideId "32096585"]
[EventDate "2018.07.20"]

1. e4 e6 2. d4 d5 3. Bd3 dxe4 4. Bxe4 Nf6 5. Bf3 c5 6. Ne2 Be7 7. Nbc3 O-O 8.
O-O Nbd7 9. Bf4 a6 10. Re1 Re8 11. Qd3 Nb6 12. dxc5 Qxd3 13. cxd3 Bxc5 14. Rac1
Be7 15. Nd4 Kf8 16. Bc7 Nbd5 17. Bxd5 Nxd5 18. Nxd5 exd5 19. Re5 Be6 20. Nxe6+
fxe6 21. Rxe6 Rac8 22. Kf1 Bg5 23. Rxe8+ Kxe8 24. Re1+ Kf7 25. Be5 Bd2 26. Rd1
Rc2 27. Rb1 b5 28. Bd4 Bg5 29. Ke1 g6 30. g3 Ke6 31. Kf1 Kf7 32. Re1 Bf6 33.
Bxf6 Kxf6 34. Re2 Rc1+ 35. Re1 Rc2 36. Re2 Rc1+ 37. Re1 1/2-1/2

[Event "29th Czech Open A 2018"]
[Site "Pardubice CZE"]
[Date "2018.07.24"]
[Round "5.30"]
[White "Swayams, Mishra"]
[Black "Garayev, Kanan"]
[Result "1/2-1/2"]
[WhiteTitle "IM"]
[BlackTitle "FM"]
[WhiteElo "2463"]
[BlackElo "2300"]
[WhiteFideId "5028183"]
[BlackFideId "13406671"]
[EventDate "2018.07.20"]

1. d4 d5 2. Nf3 Nf6 3. c4 e6 4. Nc3 dxc4 5. e3 a6 6. a4 c5 7. Bxc4 Nc6 8. O-O
Be7 9. Qe2 cxd4 10. Rd1 e5 11. exd4 exd4 12. Nxd4 Nxd4 13. Qe5 Qd6 14. Qxd6 Bxd6
15. Rxd4 Bc5 16. Rd1 Be6 17. Bxe6 fxe6 18. Bg5 Rc8 19. Rd3 O-O 20. Bxf6 Rxf6 21.
Ne4 Rf4 22. Nxc5 Rxc5 23. f3 Rd5 24. Re3 Kf7 25. Rae1 Rxa4 26. Rxe6 Ra1 27. Re7+
Kf8 28. Re8+ Kf7 29. Re7+ Kf8 30. Re8+ Kf7 31. Re7+ 1/2-1/2

[Event "29th Czech Open A 2018"]
[Site "Pardubice CZE"]
[Date "2018.07.24"]
[Round "5.31"]
[White "Yagupov, Igor"]
[Black "Merry, Alan B"]
[Result "1-0"]
[WhiteTitle "GM"]
[BlackTitle "IM"]
[WhiteElo "2349"]
[BlackElo "2462"]
[WhiteFideId "4113632"]
[BlackFideId "418811"]
[EventDate "2018.07.20"]

1. e4 e6 2. d4 d5 3. Bd3 dxe4 4. Bxe4 Nf6 5. Bf3 Bd6 6. Ne2 Nbd7 7. Ng3 c6 8.
O-O O-O 9. Nd2 Qc7 10. Nc4 Be7 11. Qe2 b6 12. Ne5 Bb7 13. b3 c5 14. Nxd7 Nxd7
15. Bxb7 Qxb7 16. Bb2 Bf6 17. Rad1 g6 18. c4 Rad8 19. Ne4 Bg7 20. d5 Nb8 21.
Bxg7 Kxg7 22. Qb2+ f6 23. Ng5 exd5 24. Ne6+ Kf7 25. Nxf8 Rxf8 26. Rxd5 Nc6 27.
Qd2 Nd4 28. Re1 g5 29. h4 h6 30. Qd3 Kg7 31. Qe4 Rf7 32. h5 f5 33. Qe5+ Kh7 34.
Rd8 1-0

[Event "29th Czech Open A 2018"]
[Site "Pardubice CZE"]
[Date "2018.07.24"]
[Round "5.32"]
[White "Kucza, Karol"]
[Black "Nasanjargal, Urtnasan"]
[Result "1/2-1/2"]
[WhiteTitle "FM"]
[BlackTitle "FM"]
[WhiteElo "2308"]
[BlackElo "2454"]
[WhiteFideId "1159755"]
[BlackFideId "4900774"]
[EventDate "2018.07.20"]

1. e4 c5 2. Nf3 d6 3. d4 cxd4 4. Nxd4 Nf6 5. Nc3 Bd7 6. Bg5 Nc6 7. Qd2 Rc8 8.
O-O-O Nxd4 9. Qxd4 Qa5 10. f4 Rxc3 11. Qxc3 Qxc3 12. bxc3 Nxe4 13. Re1 Nxg5 14.
fxg5 Bc6 15. Rg1 e6 16. c4 Be7 17. h4 h6 18. gxh6 Bxh4 19. hxg7 Rg8 20. g3 Rxg7
21. Bg2 Rxg3 22. Bxc6+ bxc6 23. Rxg3 Bxg3 24. Rf1 Be5 25. Kd2 Bd4 26. Kd3 Bc5
27. Ke4 f5+ 28. Kf4 Kf7 29. Rh1 Kg6 30. Rh8 e5+ 31. Kf3 Ba3 32. Rg8+ Kf6 33.
Rf8+ Ke6 34. Re8+ Kd7 35. Rf8 Ke6 36. Re8+ Kf7 37. Rd8 Ke7 38. Ra8 Bc1 39. Rxa7+
Ke6 40. Ra8 e4+ 41. Kg2 Ke5 42. a4 Kd4 43. a5 Kxc4 44. Rf8 Kb5 45. Rxf5+ d5 46.
c4+ Kxa5 47. cxd5 cxd5 48. Rxd5+ Kb6 49. Re5 e3 50. Kf3 Bd2 51. Rxe3 Bxe3 52.
Kxe3 1/2-1/2

[Event "29th Czech Open A 2018"]
[Site "Pardubice CZE"]
[Date "2018.07.24"]
[Round "5.33"]
[White "Plat, Vojtech"]
[Black "Gurbanov, Andrei"]
[Result "1-0"]
[WhiteTitle "GM"]
[BlackTitle "IM"]
[WhiteElo "2543"]
[BlackElo "2305"]
[WhiteFideId "325740"]
[BlackFideId "13503391"]
[EventDate "2018.07.20"]

1. d4 Nf6 2. c4 e6 3. Nc3 d5 4. cxd5 exd5 5. Bg5 Be7 6. e3 c6 7. Bd3 Nbd7 8.
Nge2 O-O 9. Qc2 Re8 10. O-O Nf8 11. Rad1 Be6 12. f3 Rc8 13. e4 dxe4 14. fxe4 Ng4
15. Bxe7 Qxe7 16. Rf3 Qg5 17. Rg3 Qh6 18. h3 Nf6 19. e5 Nd5 20. Nxd5 Bxd5 21.
Rf1 c5 22. dxc5 Rxe5 23. Nf4 Bc6 24. b4 a5 25. a3 axb4 26. axb4 Be8 27. Qc3 Rg5
28. Bc4 Qh4 29. Rgf3 Kh8 30. Bd5 Bc6 31. Bxc6 bxc6 32. Qc4 f6 33. Qa6 Rd8 34.
Qxc6 Ng6 35. Qc7 Rg8 36. Nxg6+ hxg6 37. Qf4 Qh5 38. c6 Rc8 39. Qc4 Re5 40. Rf4
g5 41. Re4 Qe8 42. Rxe5 Qxe5 43. b5 1-0

[Event "29th Czech Open A 2018"]
[Site "Pardubice CZE"]
[Date "2018.07.24"]
[Round "5.34"]
[White "Kathmale, Sameer"]
[Black "Gonda, Laszlo"]
[Result "1/2-1/2"]
[WhiteTitle "IM"]
[BlackTitle "GM"]
[WhiteElo "2323"]
[BlackElo "2534"]
[WhiteFideId "5024498"]
[BlackFideId "720852"]
[EventDate "2018.07.20"]

1. e4 e5 2. Nf3 Nc6 3. Bb5 a6 4. Ba4 Nf6 5. O-O Be7 6. Re1 b5 7. Bb3 d6 8. c3
O-O 9. d4 Bg4 10. Be3 Bh5 11. h3 exd4 12. cxd4 Na5 13. Nbd2 Nxb3 14. axb3 c5 15.
b4 Bxf3 16. Qxf3 c4 17. Bg5 h6 18. Bh4 Re8 19. b3 Rc8 20. bxc4 bxc4 21. Rec1 c3
22. Rxc3 Rxc3 23. Qxc3 Nxe4 24. Bxe7 Nxc3 25. Bxd8 Rxd8 26. Nf3 1/2-1/2

[Event "29th Czech Open A 2018"]
[Site "Pardubice CZE"]
[Date "2018.07.24"]
[Round "5.35"]
[White "Galperin, Platon"]
[Black "Potapov, Pavel"]
[Result "0-1"]
[BlackTitle "GM"]
[WhiteElo "2320"]
[BlackElo "2500"]
[WhiteFideId "14165414"]
[BlackFideId "4169786"]
[EventDate "2018.07.20"]

1. d4 f5 2. Bg5 h6 3. Bh4 g5 4. e4 Nf6 5. e5 e6 6. Bg3 f4 7. Bxf4 gxf4 8. exf6
Qxf6 9. Nc3 Bb4 10. Qd2 b6 11. a3 Bxc3 12. Qxc3 Nc6 13. O-O-O Bb7 14. Be2 O-O-O
15. Bf3 Rdf8 16. Ne2 Ne7 17. h4 Rhg8 18. Rd3 Rxg2 19. Bxg2 Bxg2 20. Rh2 f3 21.
Ng3 Rg8 22. Rd1 Rxg3 23. fxg3 f2 24. Qd3 f1=Q 25. Rxf1 Bxf1 26. Qe3 Bc4 27. b3
Bd5 28. g4 Qg7 29. Qf4 Ng6 30. Qe3 e5 31. c4 Bg8 32. g5 h5 33. Qf3 Kb8 34. Qxh5
Bh7 35. Rf2 exd4 36. Qf3 Qe7 37. Kb2 d3 38. h5 Qxg5 39. hxg6 Qe5+ 40. Ka2 Bxg6
41. Qf4 Qe6 42. Kb2 Kb7 43. Qd4 c6 44. Qf6 Qe1 45. Qd4 Qe6 46. Qf6 Qe3 47. Qf4
d2 48. Qxe3 d1=N+ 49. Kc1 Nxe3 50. Rf6 Be4 51. Rf4 d5 0-1

[Event "29th Czech Open A 2018"]
[Site "Pardubice CZE"]
[Date "2018.07.24"]
[Round "5.36"]
[White "Barp, Alberto"]
[Black "Zaitsev, Alexander"]
[Result "1/2-1/2"]
[WhiteTitle "FM"]
[BlackTitle "GM"]
[WhiteElo "2317"]
[BlackElo "2499"]
[WhiteFideId "872555"]
[BlackFideId "4164490"]
[EventDate "2018.07.20"]

1. d4 d5 2. c4 dxc4 3. Nf3 Nf6 4. e3 e6 5. Bxc4 a6 6. O-O c5 7. Nc3 b5 8. Be2
Bb7 9. dxc5 Bxc5 10. Qxd8+ Kxd8 11. Nd2 Nbd7 12. Nb3 Ke7 13. Nxc5 Nxc5 14. f3
Rhd8 15. Rd1 1/2-1/2

[Event "29th Czech Open A 2018"]
[Site "Pardubice CZE"]
[Date "2018.07.24"]
[Round "5.37"]
[White "Nun, Jiri"]
[Black "Hasangatin, Ramil"]
[Result "0-1"]
[WhiteTitle "IM"]
[BlackTitle "GM"]
[WhiteElo "2306"]
[BlackElo "2497"]
[WhiteFideId "300179"]
[BlackFideId "4122160"]
[EventDate "2018.07.20"]

1. e4 c5 2. Nf3 e6 3. d3 Nc6 4. g3 Nf6 5. Bg2 d6 6. O-O Be7 7. Re1 O-O 8. c3 Bd7
9. a3 Rc8 10. b4 a6 11. bxc5 dxc5 12. e5 Ne8 13. Nbd2 Na5 14. c4 Bc6 15. Qe2 Qd7
16. Bb2 Rd8 17. Bc3 b6 18. Bxa5 bxa5 19. Bf1 Nc7 20. Rab1 Na8 21. Ne4 Qc7 22. h4
Nb6 23. h5 Nd7 24. Ned2 Rb8 25. Nh2 Rxb1 26. Nxb1 Rb8 27. f4 Rb3 28. Nf3 Qb7 29.
Nfd2 Rb2 30. Bg2 Nb8 31. Bh3 Qd7 32. Qe3 Qd4 33. Nf1 Rb3 34. Rd1 Bf3 35. Qxd4
cxd4 36. Rc1 Rxd3 37. c5 Rd1 0-1

[Event "29th Czech Open A 2018"]
[Site "Pardubice CZE"]
[Date "2018.07.24"]
[Round "5.38"]
[White "Gutman, Gennadi"]
[Black "Salimova, Nurgyul"]
[Result "1/2-1/2"]
[WhiteTitle "GM"]
[BlackTitle "FM"]
[WhiteElo "2476"]
[BlackElo "2317"]
[WhiteFideId "14102277"]
[BlackFideId "2915138"]
[EventDate "2018.07.20"]

1. d4 Nf6 2. c4 e6 3. Nc3 Bb4 4. e3 O-O 5. Bd3 d5 6. Ne2 c5 7. cxd5 cxd4 8. exd4
Nxd5 9. O-O Nc6 10. Bc2 Be7 11. Qd3 g6 12. a3 b6 13. Bh6 Re8 14. Ba4 Bd7 15. Bb3
Nxc3 16. Nxc3 Bf8 17. Bxf8 Rxf8 18. Rad1 Ne7 19. d5 exd5 20. Nxd5 Nxd5 21. Qxd5
Bf5 22. Qe5 Qg5 23. Rd7 Rac8 24. Rxa7 Rc5 25. Qe7 Qxe7 26. Rxe7 Rb5 27. Re3 Rd8
28. Rc1 Rd2 29. h3 1/2-1/2

[Event "29th Czech Open A 2018"]
[Site "Pardubice CZE"]
[Date "2018.07.24"]
[Round "5.39"]
[White "Obsivac, Josef"]
[Black "Malinovsky, Karel"]
[Result "0-1"]
[WhiteTitle "FM"]
[BlackTitle "IM"]
[WhiteElo "2290"]
[BlackElo "2472"]
[WhiteFideId "303690"]
[BlackFideId "313874"]
[EventDate "2018.07.20"]

1. d4 d5 2. c4 dxc4 3. Nf3 Nf6 4. e3 Bg4 5. Bxc4 e6 6. h3 Bh5 7. Nc3 Nbd7 8. O-O
Bb4 9. Bd2 O-O 10. a3 Bxc3 11. Bxc3 Ne4 12. Bb4 Re8 13. Be2 a5 14. Be1 c5 15.
dxc5 Ndxc5 16. g4 Bg6 17. Qxd8 Rexd8 18. Kg2 f6 19. Nd4 e5 20. Nf5 Bf7 21. f3
Nd2 22. Rf2 Ndb3 23. Rb1 Kf8 24. Bb5 g6 25. Ng3 Nd3 26. Rc2 Nxe1+ 27. Rxe1 Rac8
28. Ree2 Bd5 29. Kf2 Ke7 30. h4 b6 31. Rxc8 Rxc8 32. Ba4 Rc1 33. Bxb3 Bxb3 34.
Ne4 f5 35. gxf5 gxf5 36. Ng3 Be6 37. Rd2 Rc4 38. e4 f4 39. Ne2 b5 40. Nc3 Rc5
41. Kg2 b4 42. axb4 axb4 43. Nd1 Rc8 44. Kh2 Bf7 45. Rg2 Bh5 46. Rg5 Rc2+ 47.
Kg1 Bxf3 48. Rxe5+ Kd6 49. Rd5+ Ke6 50. Nf2 Rc1+ 51. Kh2 Rf1 52. Rd2 h5 53. b3
Kf6 54. Rd6+ Ke7 55. Rd2 Ke6 56. Rc2 Rb1 57. Rc6+ Ke5 58. Rc5+ Kd4 59. Rc4+ Ke3
60. Rc2 Rf1 0-1

[Event "29th Czech Open A 2018"]
[Site "Pardubice CZE"]
[Date "2018.07.24"]
[Round "5.40"]
[White "Biolek, Richard Jr."]
[Black "Risting, Eivind Olav"]
[Result "1/2-1/2"]
[WhiteTitle "IM"]
[BlackTitle "FM"]
[WhiteElo "2469"]
[BlackElo "2317"]
[WhiteFideId "319996"]
[BlackFideId "1517333"]
[EventDate "2018.07.20"]

1. e4 c6 2. Nf3 d5 3. Nc3 Nf6 4. e5 Ne4 5. d4 Nxc3 6. bxc3 e6 7. Bd3 c5 8. O-O
c4 9. Be2 Be7 10. Ne1 Nc6 11. f4 Qa5 12. Bd2 Bd7 13. g4 O-O-O 14. Ng2 f6 15. Bf3
fxe5 16. fxe5 Rdf8 17. Qe1 1/2-1/2